Vật lý đại cương. Dùng cho SV đại học kỹ thuật tập trung dài hạn / t.I, Cơ - nhiệt :
Shranjeno v:
| Drugi avtorji: | , , |
|---|---|
| Format: | Sách giấy |
| Jezik: | Vietnamese |
| Izdano: |
H. :
Đại học và Trung học Chuyên nghiệp,
1969.
|
| Oznake: |
Označite
Brez oznak, prvi označite!
|
| Thư viện lưu trữ: | Thư viện Trường Đại học Đà Lạt |
|---|
| LEADER | 00870nam a2200325 4500 | ||
|---|---|---|---|
| 001 | DLU140160954 | ||
| 005 | ##20140318 | ||
| 040 | # | # | |a DLU |b vie |
| 041 | # | # | |a vie |
| 044 | # | # | |a vn |
| 082 | # | # | |a 530 |b Vat |
| 245 | # | # | |a Vật lý đại cương. |n t.I, |p Cơ - nhiệt : |b Dùng cho SV đại học kỹ thuật tập trung dài hạn / |c Ngô Phú An, ... [và những người khác] |
| 260 | # | # | |a H. : |b Đại học và Trung học Chuyên nghiệp, |c 1969. |
| 300 | # | # | |a 178 tr. ; |c 26 cm. |
| 700 | # | # | |a Đỗ Khắc Chung. |
| 700 | # | # | |a Lương Duyên Bình. |
| 700 | # | # | |a Nguyễn Hữu Tăng. |
| 923 | # | # | |a TL |
| 990 | # | # | |a t.I |
| 991 | # | # | |a SH |
| 992 | # | # | |a 310 |
| 994 | # | # | |a DLU |
| 900 | # | # | |a True |
| 911 | # | # | |a Trương Thị Mỹ Lệ |
| 925 | # | # | |a G |
| 926 | # | # | |a A |
| 927 | # | # | |a SH |
| 980 | # | # | |a Thư viện Trường Đại học Đà Lạt |